Normal view
MARC view
- تاليق ابو الشعر، هند غسان؛ اشراف محمد عدنان البخيت، اشراف هند ابة الشعر
Entry Personal Name
001 - CONTROL NUMBER
- control field: 59483
003 - CONTROL NUMBER IDENTIFIER
- control field: JO-AjAnu
005 - DATE AND TIME OF LATEST TRANSACTION
- control field: 20230606083728.0
008 - FIXED-LENGTH DATA ELEMENTS
- fixed length control field: 230606|| aca||aabn | a|a d
040 ## - CATALOGING SOURCE
- Original cataloging agency: JO-AjAnu
- Transcribing agency: JO-AjAnu
100 ## - HEADING--PERSONAL NAME
- Personal name: تاليق ابو الشعر، هند غسان؛ اشراف محمد عدنان البخيت، اشراف هند ابة الشعر
670 ## - SOURCE DATA FOUND
- Source citation: Work cat.: (JO-AjAnu)30338: تاليق ابو الشعر، هند غسان؛ اشراف محمد عدنان البخيت، اشراف هند ابة الشعر, author, ذاكرة الثورة العربية الكبرى ونهضة العرب: قراءات في جريدة القبلة، القسم الاول